00601nam a22001937a 4500003000200000005001700002008004100019020001800060050002600078100002500104245007400129250002200203260004500225300003100270504003400301650002800335700002300363700002100386020250324155535.0250324b xxu||||| |||| 00| 0 eng d a9781265102593 aHG 4026 b.B6668 2023 4Brealey, Richard A.  aFundamentals of corporate financecRichard A. Brealey and two others  aEleventh edition  aNew York City bMcGraw-Hill , LLC c2023 axxxi, 726 pages ; c28cm.  aIncludes glossary and index.  aCorporations--Finance.  aMyers, Stewart C.  aMarcus, Alan J.